000 00413nam a2200157Ia 4500
005 20250321081141.0
008 240331s9999 xx 000 0 und d
020 _a9789555021609
082 _bPON
_a894
100 _aPonnaiyan, N
245 0 _aNeervai ponnaiyan sirukathaikal
260 _aColombo
_bIlankai mootpoku kalai illakiyapperavai
_c2007
300 _a256 p .,
650 _aShort stories
942 _cL
999 _c3761
_d3761